[Event "Bad Woerishofen sen"]
[Site "?"]
[Date "2008.03.01"]
[Round "3"]
[White "Weyrauch, Erich"]
[Black "Winter, Bernd"]
[Result "1-0"]
[WhiteElo "2130"]
[BlackElo "2004"]
[PlyCount "152"]
[EventDate "2008.??.??"]
 
1. d4 Nf6 2. c4 g6 3. Nf3 Bg7 4. Nc3 O-O 5. Bg5 h6 6. Bd2 d6 7. e4 c6 8. Be2
Nbd7 9. h3 e5 10. dxe5 dxe5 11. Qc2 Qc7 12. Be3 Re8 13. O-O Nf8 14. Rfd1 Ne6
15. Bf1 Bd7 16. Rd2 a5 17. Rad1 Rad8 18. a3 Bf8 19. Qb3 c5 20. Nd5 Nxd5 21.
cxd5 Nd4 22. Qc3 Qd6 23. Nh2 b6 24. f3 Bg7 25. b3 f5 26. Rb1 Rc8 27. a4 Kh7 28.
Bc4 fxe4 29. fxe4 g5 30. Rf1 Rf8 31. Rdf2 Rxf2 32. Rxf2 Qg6 33. Qd3 Rf8 34.
Rxf8 Bxf8 35. Bxd4 cxd4 36. Qg3 Bg7 37. Bd3 Qd6 38. Be2 Qc5 39. Qd3 Qc1+ 40.
Nf1 Bf8 41. Qf3 Kg7 42. Kh2 Bb4 43. Ng3 Qf4 44. Kh1 Qxf3 45. Bxf3 Kf6 46. Kg1
Bc5 47. Bg4 Be8 48. Kf1 b5 49. Bd1 bxa4 50. bxa4 Bd7 51. Ke2 Bc8 52. Bc2 Bb4
53. Nh5+ Kg6 54. g4 Kf7 55. Ng3 Ke8 56. Nf5 Bf8 57. Bd3 Bxf5 58. exf5 Bb4 59.
Kf3 Ke7 60. Ke4 Kf6 61. Bc2 Bd6 62. Kd3 Ke7 63. Kc4 Kd7 64. Be4 Kc7 65. f6 Kb6
66. Bf5 Bf8 67. Be6 Bd6 68. Kd3 Kc5 69. Bf7 Kb4 70. Be8 Bc5 71. Ke4 Bd6 72. Kf5
d3 73. Bb5 d2 74. Be2 Kxa4 75. Ke6 Bf8 76. d6 Bxd6 1-0

[Event "Bad Woerishofen sen"]
[Site "?"]
[Date "2008.03.01"]
[Round "3"]
[White "Budt, Karl-Heinz"]
[Black "Ljubarskij, Juri"]
[Result "0-1"]
[WhiteElo "2143"]
[BlackElo "2317"]
[PlyCount "58"]
[EventDate "2008.??.??"]
 
1. d4 d5 2. c4 c6 3. Nf3 Nf6 4. cxd5 cxd5 5. Nc3 Nc6 6. Bf4 a6 7. e3 Nh5 8. Be5
f6 9. Nh4 g6 10. Bd3 Kf7 11. Qf3 e6 12. g4 Nxe5 13. dxe5 Ng7 14. O-O-O Bb4 15.
g5 f5 16. Bxf5 gxf5 17. g6+ hxg6 18. Nxg6 Kxg6 19. Rhg1+ Kf7 20. Nxd5 exd5 21.
Rxg7+ Kxg7 22. Qg3+ Kf8 23. Qg6 Qc7+ 24. Kb1 Qxe5 25. Rxd5 Qe4+ 26. Kc1 Qxd5
27. Qf6+ Ke8 28. Qxh8+ Bf8 29. Qh5+ Qf7 0-1

[Event "Bad Woerishofen sen"]
[Site "?"]
[Date "2008.03.01"]
[Round "3"]
[White "Schulte-Braeucker, H."]
[Black "Neese, Hans-Joachim"]
[Result "0-1"]
[WhiteElo "2086"]
[BlackElo "2306"]
[PlyCount "60"]
[EventDate "2008.??.??"]
 
1. d4 Nf6 2. c4 e6 3. Nc3 d5 4. Nf3 c6 5. Bf4 dxc4 6. a4 Nd5 7. Bxb8 Rxb8 8. e4
Nxc3 9. bxc3 Qa5 10. Qc1 Be7 11. Ne5 O-O 12. Bxc4 c5 13. O-O Qc7 14. f4 Bd6 15.
Ra2 f6 16. Nd3 Kh8 17. e5 Be7 18. Re2 f5 19. d5 exd5 20. Bxd5 c4 21. Nf2 Bd7
22. Ra2 Qc5 23. Rd1 Rfd8 24. Rd4 Be8 25. Rad2 Bxa4 26. Rxc4 Qa5 27. Be6 Bb3 28.
Rc8 Rbxc8 29. Bxb3 Rxd2 30. Qxd2 Qxc3 0-1

[Event "Bad Woerishofen sen"]
[Site "?"]
[Date "2008.03.01"]
[Round "3"]
[White "Goy, Udo"]
[Black "Gudat, Alfons"]
[Result "1/2-1/2"]
[WhiteElo "2282"]
[BlackElo "2086"]
[PlyCount "81"]
[EventDate "2008.??.??"]
 
1. d4 Nf6 2. Nf3 e6 3. c4 b6 4. Nc3 Bb7 5. e3 Bb4 6. Bd3 O-O 7. O-O d5 8. a3
Bxc3 9. bxc3 Nbd7 10. a4 Re8 11. cxd5 exd5 12. a5 c5 13. Qa4 c4 14. Bf5 Qc7 15.
Ba3 Bc6 16. Qc2 g6 17. Bh3 bxa5 18. Nd2 Rab8 19. Rfe1 Nf8 20. f3 Nh5 21. g3 Ne6
22. Bg2 Ng5 23. f4 Ne6 24. e4 dxe4 25. Nxe4 Bxe4 26. Rxe4 Nf6 27. Re2 Ng7 28.
d5 Qb6+ 29. Kh1 Ng4 30. h3 Ne3 31. Qd2 Ngf5 32. Kh2 Nxg2 33. Rxg2 Re3 34. Re1
Rbe8 35. Rxe3 Nxe3 36. Rf2 Nxd5 37. Re2 Rxe2+ 38. Qxe2 Qc6 39. Qe5 Nf6 40. Qxa5
Qb6 41. Qe5 1/2-1/2

[Event "Bad Woerishofen sen"]
[Site "?"]
[Date "2008.03.01"]
[Round "3"]
[White "Neumann, Erwin"]
[Black "Hoennekes, Klaus"]
[Result "0-1"]
[WhiteElo "1985"]
[BlackElo "2144"]
[PlyCount "120"]
[EventDate "2008.??.??"]
 
1. e4 g6 2. d4 Bg7 3. Nf3 c6 4. Nc3 d5 5. Be2 Bg4 6. exd5 cxd5 7. h3 Bxf3 8.
Bxf3 e6 9. Ne2 Ne7 10. c3 Nbc6 11. O-O O-O 12. Bg5 Qb6 13. Rb1 h6 14. Bf4 Kh7
15. Qd3 a6 16. g4 Rac8 17. g5 Nf5 18. gxh6 Bxh6 19. Bxh6 Kxh6 20. Nf4 Nce7 21.
Qd2 Kg7 22. Rfe1 Rh8 23. Bg4 Rh6 24. Re5 Rd8 25. Rbe1 Rd6 26. Kh2 Qd8 27. Rxe6
fxe6 28. Rxe6 g5 29. Rxh6 Rxh6 30. Nh5+ Rxh5 31. Bxh5 Qd6+ 32. Kg1 Qf4 33. Qc2
Kf6 34. Qb3 b5 35. a4 Qc1+ 36. Bd1 Nd6 37. axb5 axb5 38. Kg2 Nc4 39. Be2 Qd2
40. Kf1 Qxb2 41. Bxc4 Qc1+ 42. Kg2 bxc4 43. Qb8 Qf4 44. Qh8+ Ke6 45. Qh6+ Qf6
46. Qh5 Ng6 47. Qe2+ Kd7 48. Qg4+ Kd8 49. Kf1 Nf4 50. Kg1 Kc7 51. f3 Qe7 52.
Qg3 Kb6 53. Kh1 Qh7 54. Qxg5 Qxh3+ 55. Kg1 Ne2+ 56. Kf2 Nxc3 57. Qd8+ Kb5 58.
Qb8+ Ka4 59. Qa7+ Kb3 60. Qb6+ Kc2 0-1

[Event "Bad Woerishofen sen"]
[Site "?"]
[Date "2008.03.01"]
[Round "3"]
[White "Klempt, Guenter"]
[Black "Ganslmayer, Herbert"]
[Result "1/2-1/2"]
[WhiteElo "2060"]
[BlackElo "2003"]
[PlyCount "64"]
[EventDate "2008.??.??"]
 
1. d4 g6 2. e4 Bg7 3. Nf3 c6 4. c4 d6 5. Nc3 Nd7 6. Be2 Ngf6 7. O-O O-O 8. h3
Qc7 9. Be3 e5 10. Rc1 a5 11. Qd2 Re8 12. dxe5 dxe5 13. Rfd1 Nf8 14. a3 Ne6 15.
Qc2 b6 16. b4 axb4 17. axb4 Bb7 18. c5 b5 19. Rd6 Red8 20. Rcd1 Ne8 21. Rxd8
Rxd8 22. Ng5 Nd4 23. Qa2 Nxe2+ 24. Qxe2 Rxd1+ 25. Qxd1 Bc8 26. Nf3 Be6 27. Qa1
h6 28. Nd2 f5 29. f3 f4 30. Bf2 Qd7 31. Qd1 Bf6 32. Ndb1 Qa7 1/2-1/2

[Event "Bad Woerishofen sen"]
[Site "?"]
[Date "2008.03.01"]
[Round "3"]
[White "Bierwisch, Bernhard"]
[Black "Moeckel, Edgar Dr"]
[Result "0-1"]
[WhiteElo "2214"]
[BlackElo "2016"]
[PlyCount "72"]
[EventDate "2008.??.??"]
 
1. e4 c6 2. d3 d5 3. Nd2 Nf6 4. e5 Nfd7 5. f4 e6 6. Ngf3 c5 7. c3 Nc6 8. Be2
Be7 9. O-O O-O 10. Nb3 b6 11. Be3 Ba6 12. Nbd2 Rc8 13. Qa4 Ndb8 14. Rae1 Qd7
15. Qc2 Rfd8 16. Bf2 Rf8 17. g4 g6 18. Bh4 Bxh4 19. Nxh4 Qd8 20. Ndf3 Nd7 21.
Qd2 Kg7 22. Qe3 Qe7 23. Bd1 Rce8 24. Ba4 Bb7 25. Bxc6 Bxc6 26. f5 exf5 27. gxf5
f6 28. e6 g5 29. Ng2 Nb8 30. d4 Bb5 31. Rf2 Nc6 32. a3 a5 33. Nxg5 fxg5 34. f6+
Rxf6 35. Qxg5+ Rg6 36. Qxd5 Rxe6 0-1

[Event "Bad Woerishofen sen"]
[Site "?"]
[Date "2008.03.01"]
[Round "3"]
[White "Weber, Gerhard Dr"]
[Black "Kaiser, Hans"]
[Result "1/2-1/2"]
[WhiteElo "1959"]
[BlackElo "2100"]
[PlyCount "45"]
[EventDate "2008.??.??"]
 
1. e4 c5 2. Nf3 Nc6 3. d4 cxd4 4. Nxd4 Nf6 5. Nxc6 bxc6 6. Bd3 d6 7. O-O e5 8.
b3 Be7 9. Bb2 O-O 10. Nd2 a5 11. Qe2 Qc7 12. a4 Nd7 13. Nc4 Nc5 14. Ba3 Ne6 15.
Qe3 c5 16. Bb2 Ba6 17. g3 Bf6 18. Qe2 Bxc4 19. Bxc4 Nd4 20. Bxd4 exd4 21. f4 d3
22. Qxd3 Bxa1 23. Rxa1 1/2-1/2

[Event "Bad Woerishofen sen"]
[Site "?"]
[Date "2008.03.01"]
[Round "3"]
[White "Dinser, Hans"]
[Black "Reichwald, Klaus"]
[Result "1/2-1/2"]
[WhiteElo "1895"]
[BlackElo "1970"]
[PlyCount "48"]
[EventDate "2008.??.??"]
 
1. d4 Nf6 2. c4 g6 3. Qc2 Bg7 4. Nf3 d6 5. e3 O-O 6. Bd3 Nbd7 7. O-O e5 8. dxe5
Nxe5 9. Nxe5 dxe5 10. Nd2 c6 11. a4 Ng4 12. h3 Nh6 13. e4 f5 14. Ra3 f4 15. Be2
g5 16. Rd3 Qe7 17. b3 Be6 18. Bb2 Rad8 19. Rxd8 Rxd8 20. Nf3 Bc8 21. Rd1 Rxd1+
22. Qxd1 Nf7 23. Nh2 h6 24. Qd3 Qd6 1/2-1/2

[Event "Bad Woerishofen sen"]
[Site "?"]
[Date "2008.03.01"]
[Round "3"]
[White "Frey, Walter"]
[Black "Wolf, Margot"]
[Result "1-0"]
[WhiteElo "1941"]
[BlackElo "1575"]
[PlyCount "83"]
[EventDate "2008.??.??"]
 
1. e4 c6 2. d4 d5 3. exd5 cxd5 4. c4 e6 5. c5 b6 6. b4 Ba6 7. Bxa6 Nxa6 8. Qa4+
Qd7 9. Qxa6 Qc7 10. Ne2 Nf6 11. Bf4 Qd8 12. Qb5+ Qd7 13. Qxd7+ Nxd7 14. Nbc3
Be7 15. O-O O-O 16. c6 Nb8 17. b5 a6 18. a4 a5 19. Rfc1 Rc8 20. Nd1 h6 21. Rc2
Bf6 22. Rac1 Be7 23. Rc3 Bb4 24. Rg3 Kh7 25. h4 Be7 26. Rh3 Rf8 27. Bc7 Bd8 28.
Bxd8 Nxc6 29. Rxc6 Rfxd8 30. Rxb6 Rdc8 31. Rc3 Rf8 32. Rbc6 Rfe8 33. b6 Rab8
34. R3c5 Rb7 35. Rxa5 Reb8 36. Rb5 Kg6 37. a5 Kh7 38. a6 Rd7 39. b7 Kg6 40. Rc8
Rd8 41. Rxd8 Rxd8 42. b8=Q 1-0

[Event "Bad Woerishofen op"]
[Site "?"]
[Date "2008.03.02"]
[Round "4"]
[White "Kunin, Vitaly"]
[Black "Burmakin, Vladimir"]
[Result "0-1"]
[WhiteElo "2538"]
[BlackElo "2611"]
[PlyCount "158"]
[EventDate "2008.??.??"]
 
1. d4 d5 2. c4 c6 3. Nf3 Nf6 4. Nc3 a6 5. c5 Nbd7 6. Bf4 Nh5 7. Bg5 h6 8. Bd2
Nhf6 9. Qc2 g6 10. Bf4 Bg7 11. h4 O-O 12. e3 b6 13. cxb6 Qxb6 14. O-O-O c5 15.
g4 cxd4 16. exd4 Bb7 17. g5 hxg5 18. Nxg5 e5 19. dxe5 d4 20. Na4 Qc6 21. Qxc6
Bxc6 22. exf6 Bxf6 23. Rg1 Bxa4 24. b3 Bb5 25. h5 Bxf1 26. Rgxf1 Rac8+ 27. Kb1
Rfe8 28. hxg6 fxg6 29. Rfe1 Nc5 30. Bd2 Bxg5 31. Rxe8+ Rxe8 32. Bxg5 Ne4 33.
Rg1 Nc3+ 34. Kc2 Re2+ 35. Kd3 Rxa2 36. Bf6 Kf7 37. Bxd4 Nd5 38. Kc4 Nf4 39. Ra1
Rc2+ 40. Kb4 Nd5+ 41. Ka5 Rc6 42. Re1 Nc7 43. Re5 Rc2 44. b4 Ne6 45. Be3 Ra2+
46. Kb6 Ra4 47. Bc5 Ra2 48. Rd5 g5 49. Kb7 g4 50. Bb6 Rb2 51. Rf5+ Kg6 52. Re5
Nf4 53. Be3 Rxb4+ 54. Kc6 Ra4 55. Kd6 Kf6 56. Re8 Ng6 57. Kd5 Kf5 58. Kc5 Re4
59. Ra8 Ra4 60. Rg8 Ne7 61. Rf8+ Kg6 62. Re8 Nf5 63. Rg8+ Kf7 64. Rb8 Nxe3 65.
fxe3 Re4 66. Rb6 Re6 67. Rb7+ Kf6 68. Kd4 g3 69. e4 g2 70. Rb1 Kf7 71. Rg1 Rg6
72. Ke5 a5 73. Kf5 a4 74. e5 Rg8 75. Ke4 Ke6 76. Kf3 a3 77. Ke3 a2 78. Kf2 Rg7
79. Ra1 g1=Q+ 0-1

[Event "Bad Woerishofen op"]
[Site "?"]
[Date "2008.03.02"]
[Round "4"]
[White "Borovikov, Vladislav"]
[Black "Teske, Henrik"]
[Result "1-0"]
[WhiteElo "2583"]
[BlackElo "2493"]
[PlyCount "123"]
[EventDate "2008.??.??"]
 
1. d4 d5 2. c4 c6 3. Nc3 Nf6 4. Nf3 dxc4 5. a4 Bf5 6. e3 Bd3 7. Bxd3 cxd3 8.
Qxd3 e6 9. O-O Na6 10. e4 Be7 11. Rd1 O-O 12. Qe2 Rc8 13. Bf4 Qa5 14. Ne5 Nb4
15. Rac1 Rcd8 16. b3 Rc8 17. h3 h6 18. Qf3 Qd8 19. Nc4 Re8 20. Bd2 Rc7 21. e5
Nh7 22. Qg4 Kh8 23. Ne4 Nd5 24. Re1 Rf8 25. Ng3 Bg5 26. Bxg5 Qxg5 27. Qf3 f5
28. exf6 Rxf6 29. Qe4 Rxf2 30. Kxf2 Rf7+ 31. Kg1 Qxg3 32. Ne5 Rf5 33. Qg4 Qf2+
34. Kh2 Nhf6 35. Qg3 Qxd4 36. Ng6+ Kg8 37. Qb8+ Kf7 38. Ne5+ Rxe5 39. Qxe5
Qxe5+ 40. Rxe5 Nd7 41. Re4 e5 42. h4 N7f6 43. Re2 Ke6 44. Rce1 Ng4+ 45. Kg3 h5
46. a5 a6 47. Re4 Kf5 48. Rxg4 hxg4 49. Rf1+ Nf4 50. b4 g6 51. Rf2 g5 52. h5 e4
53. h6 e3 54. Rf1 Kg6 55. Rh1 Kh7 56. Kxg4 Nxg2 57. Kf3 Nf4 58. Kxe3 Nd5+ 59.
Kd4 g4 60. Kc5 g3 61. Rg1 Nc3 62. Kb6 1-0

[Event "Bad Woerishofen op"]
[Site "?"]
[Date "2008.03.02"]
[Round "4"]
[White "Skembris, Spyridon"]
[Black "Drozdovsky, Yuriy"]
[Result "1/2-1/2"]
[WhiteElo "2469"]
[BlackElo "2574"]
[PlyCount "49"]
[EventDate "2008.??.??"]
 
1. d4 Nf6 2. c4 e6 3. Nf3 d5 4. Nc3 Bb4 5. cxd5 exd5 6. Bg5 O-O 7. Rc1 c5 8.
dxc5 Nbd7 9. e3 Qa5 10. Nd2 b6 11. c6 d4 12. cxd7 dxc3 13. bxc3 Bxc3 14. Bxf6
gxf6 15. dxc8=Q Raxc8 16. Rc2 Rfd8 17. Bd3 f5 18. Qe2 Qd5 19. O-O Qxd3 20. Qxd3
Rxd3 21. Nb1 Rc5 22. g3 Bb4 23. Rxc5 Bxc5 24. Kg2 Kg7 25. Kf3 1/2-1/2

[Event "Bad Woerishofen op"]
[Site "?"]
[Date "2008.03.02"]
[Round "4"]
[White "Epishin, Vladimir"]
[Black "Kugelmann, Werner"]
[Result "1-0"]
[WhiteElo "2577"]
[BlackElo "2213"]
[PlyCount "74"]
[EventDate "2008.??.??"]
 
1. d4 Nf6 2. Nf3 g6 3. g3 Bg7 4. Bg2 O-O 5. O-O d6 6. c4 Nbd7 7. Qc2 c6 8. Rd1
Qc7 9. h3 Re8 10. Nc3 e5 11. Rb1 Nf8 12. e4 Ne6 13. Be3 Bd7 14. Rd2 Rac8 15.
Rbd1 Red8 16. b4 b6 17. c5 Nxd4 18. Nxd4 exd4 19. cxd6 Qxd6 20. Rxd4 Qe7 21.
Qd2 Re8 22. Bg5 h6 23. Bxh6 c5 24. bxc5 Bxh6 25. Qxh6 Rxc5 26. Ne2 Bc6 27. f3
Rc2 28. R1d2 Rxd2 29. Qxd2 Qc5 30. Kh2 Kg7 31. Nf4 Bb7 32. h4 Qe5 33. Qb4 Rc8
34. Nd3 Qc7 35. Nf4 Rh8 36. Rd6 Qe7 37. Qd4 Re8 1-0

[Event "Bad Woerishofen op"]
[Site "?"]
[Date "2008.03.02"]
[Round "4"]
[White "Ivanov, Michail"]
[Black "De Francesco, Klaus"]
[Result "1/2-1/2"]
[WhiteElo "2483"]
[BlackElo "2300"]
[PlyCount "74"]
[EventDate "2008.??.??"]
 
1. Nf3 Nf6 2. g3 b6 3. Bg2 Bb7 4. O-O e6 5. c4 Be7 6. d4 O-O 7. Nc3 Ne4 8. Bd2
Nxc3 9. Bxc3 Be4 10. d5 Bf6 11. Rc1 d6 12. dxe6 fxe6 13. Bh3 Qe7 14. Nd4 e5 15.
Ne6 Rf7 16. f4 Nc6 17. Qd2 Nd8 18. Qe3 Nxe6 19. Qxe4 Re8 20. Bxe6 Qxe6 21. f5
Qd7 22. Rcd1 Qa4 23. b4 Qxa2 24. b5 Rd8 25. Rd3 a5 26. Rfd1 Rdf8 27. Be1 Bd8
28. g4 g6 29. fxg6 Rf4 30. Qd5+ Kg7 31. Bg3 Rxg4 32. Rf3 Rxf3 33. exf3 Rxg6 34.
Qc6 Qe2 35. Qd7+ Kh6 36. Qh3+ Kg7 37. Qd7+ Kh6 1/2-1/2

[Event "Bad Woerishofen op"]
[Site "?"]
[Date "2008.03.02"]
[Round "4"]
[White "Anistratov, Dimitrij"]
[Black "Unger, Michael"]
[Result "1/2-1/2"]
[WhiteElo "2376"]
[BlackElo "2196"]
[PlyCount "111"]
[EventDate "2008.??.??"]
 
1. e4 e5 2. Nf3 d6 3. d4 exd4 4. Nxd4 Nf6 5. Nc3 Be7 6. g3 Bd7 7. Bg2 Nc6 8.
O-O Nxd4 9. Qxd4 Bc6 10. Bf4 O-O 11. Rad1 Nd7 12. Nd5 Bf6 13. Nxf6+ Qxf6 14.
Qxf6 Nxf6 15. Rfe1 Nd7 16. g4 Rfe8 17. f3 Re7 18. Kf2 Rae8 19. c4 a5 20. b3 b6
21. h4 Ne5 22. Kg3 h6 23. Bc1 Bd7 24. Bb2 g5 25. Rh1 f6 26. hxg5 hxg5 27. Rh6
Kf7 28. Rdh1 Rg8 29. Bf1 Ree8 30. a3 Rg6 31. R6h2 Be6 32. Rc2 Rgg8 33. b4 axb4
34. axb4 Nc6 35. Bc3 Rh8 36. Rch2 Rxh2 37. Rxh2 Kg6 38. c5 bxc5 39. Bb5 Bd7 40.
bxc5 Ne5 41. Bxd7 Nxd7 42. cxd6 cxd6 43. Rd2 Re6 44. Bb4 Nc5 45. Rd5 Nb7 46.
Kf2 Kf7 47. Ke3 Re5 48. Rd1 Ke6 49. Rh1 Rb5 50. Bc3 Nc5 51. Rh6 Nd7 52. f4
gxf4+ 53. Kxf4 Kf7 54. Rh7+ Ke6 55. Rh6 Kf7 56. Rh7+ 1/2-1/2

[Event "Bad Woerishofen op"]
[Site "?"]
[Date "2008.03.02"]
[Round "4"]
[White "Dittmar, Peter"]
[Black "Bartels, Holger"]
[Result "1-0"]
[WhiteElo "2329"]
[BlackElo "2133"]
[PlyCount "65"]
[EventDate "2008.??.??"]
 
1. c4 e5 2. g3 Nf6 3. Bg2 d5 4. cxd5 Nxd5 5. Nf3 Nc6 6. O-O Be7 7. d4 exd4 8.
Nxd4 Nxd4 9. Qxd4 Nf6 10. Qxd8+ Bxd8 11. Nc3 c6 12. b4 a6 13. Be3 Be6 14. a4
O-O 15. Rac1 Be7 16. b5 axb5 17. axb5 cxb5 18. Nxb5 Ra5 19. Nc7 Bg4 20. Bb6 Ra2
21. e3 Be2 22. Rfe1 Rb8 23. Nd5 Nxd5 24. Bxd5 Rd2 25. e4 Ba6 26. Rc7 Bd8 27.
Bxf7+ Kh8 28. Be3 Rxf2 29. Rd7 Re2 30. Red1 Ba5 31. Bd4 Re1+ 32. Rxe1 Bxe1 33.
Bd5 1-0

[Event "Bad Woerishofen op"]
[Site "?"]
[Date "2008.03.02"]
[Round "4"]
[White "Karpatchev, Alexander"]
[Black "Santl, Anton"]
[Result "1-0"]
[WhiteElo "2484"]
[BlackElo "2123"]
[PlyCount "85"]
[EventDate "2008.??.??"]
 
1. e4 c5 2. c3 b6 3. d4 Bb7 4. Bd3 Nf6 5. Nd2 cxd4 6. cxd4 Nc6 7. Ne2 e5 8. d5
Nb4 9. Bb1 a5 10. a3 Na6 11. O-O Bc5 12. Nf3 d6 13. Ng3 O-O 14. Bg5 h6 15. Bh4
g6 16. Bd3 Kg7 17. Qd2 a4 18. Rac1 Nc7 19. h3 Bc8 20. Rc3 Bd7 21. Rfc1 Rh8 22.
Nf1 Nce8 23. Ne3 g5 24. Bg3 Nh5 25. Bh2 Nf4 26. Bf1 Qf6 27. Ng4 Qg6 28. Nfxe5
dxe5 29. Nxe5 Qd6 30. Nxd7 Qxd7 31. Bxf4 gxf4 32. Qxf4 Ra7 33. Rd1 f6 34. e5
Kf8 35. d6 Qf7 36. Bc4 fxe5 37. Bxf7 exf4 38. d7 Rxd7 39. Rxd7 Nf6 40. Rd8+ Kg7
41. Rxh8 Kxh8 42. Bc4 Kg7 43. Be6 1-0

[Event "Bad Woerishofen op"]
[Site "?"]
[Date "2008.03.02"]
[Round "4"]
[White "Sydow, Hardy"]
[Black "Wohl, Alexander"]
[Result "0-1"]
[WhiteElo "2145"]
[BlackElo "2418"]
[PlyCount "76"]
[EventDate "2008.??.??"]
 
1. e4 Nf6 2. e5 Nd5 3. c4 Nb6 4. d4 d6 5. exd6 exd6 6. Nf3 Be7 7. Be3 O-O 8.
Be2 Nc6 9. O-O Bg4 10. b3 Bf6 11. Nc3 d5 12. c5 Nc8 13. b4 N8e7 14. b5 Na5 15.
h3 Bxf3 16. Bxf3 a6 17. a4 Nc4 18. Qd3 Nxe3 19. fxe3 Re8 20. Ne2 Ng6 21. e4
dxe4 22. Bxe4 axb5 23. Bxb7 Rxa4 24. Rxa4 bxa4 25. Ba6 Qe7 26. Qc4 a3 27. Qa2
Qe3+ 28. Kh1 Nh4 29. Bc4 Re7 30. Nf4 Nf5 31. Nh5 Bxd4 32. Qb1 g6 33. Qb8+ Re8
34. Qxc7 Qe7 35. Qf4 Qxc5 36. Ba2 gxh5 37. Qg5+ Kh8 38. Bxf7 Ne3 0-1

[Event "Bad Woerishofen op"]
[Site "?"]
[Date "2008.03.02"]
[Round "4"]
[White "Kesik, Klaus-Dieter"]
[Black "Ballon, Guenther Jan"]
[Result "0-1"]
[WhiteElo "2303"]
[BlackElo "2159"]
[PlyCount "124"]
[EventDate "2008.??.??"]
 
1. Nf3 d5 2. d4 e6 3. c4 c6 4. e3 f5 5. Bd3 Nf6 6. O-O Be7 7. b3 O-O 8. Ba3 Bd7
9. b4 b5 10. c5 a5 11. bxa5 Qxa5 12. Qb3 Ne4 13. Bb4 Qa4 14. Nc3 Nxc3 15. Qxc3
Na6 16. a3 Nc7 17. Nd2 Rfb8 18. Nb3 Qa7 19. f3 Na6 20. Rf2 Bg5 21. Re2 Qb7 22.
Na5 Qc8 23. e4 Bf6 24. Rae1 Qf8 25. g3 g6 26. Kh1 Qg7 27. e5 Bd8 28. Nb3 Be8
29. Rb2 Nxb4 30. axb4 Ra3 31. Rbb1 Rba8 32. Ra1 Qb7 33. Na5 Rxc3 34. Nxb7 Rb8
35. Nxd8 Rxd8 36. Be2 Rb3 37. Rab1 Rxb1 38. Rxb1 Ra8 39. Rb2 g5 40. Kg2 Kg7 41.
Kf2 Ra3 42. Ke1 f4 43. gxf4 gxf4 44. Kf2 Kh6 45. Kg2 Kg5 46. Kf2 h5 47. Rb1 Bg6
48. Rb2 h4 49. h3 Bd3 50. Bd1 Ra1 51. Ke1 Bf5 52. Rg2+ Kh6 53. Rg8 Bc2 54. Kd2
Bxd1 55. Re8 Bxf3 56. Rxe6+ Kg5 57. Rxc6 Rd1+ 58. Kc3 Be4 59. Rc8 f3 60. Rf8
Rd3+ 61. Kc2 Bf5 62. c6 Rxd4+ 0-1

[Event "Bad Woerishofen op"]
[Site "?"]
[Date "2008.03.02"]
[Round "4"]
[White "Salvermoser, Bernd"]
[Black "Doell, Detlef"]
[Result "1-0"]
[WhiteElo "2296"]
[BlackElo "2141"]
[PlyCount "81"]
[EventDate "2008.??.??"]
 
1. d4 Nf6 2. c4 c5 3. d5 e5 4. Nc3 d6 5. e4 g6 6. Bd3 Bg7 7. Nge2 a6 8. Ng3
Nbd7 9. Be3 h5 10. f3 Qa5 11. Qd2 Nb6 12. a3 Nbd7 13. O-O h4 14. Nge2 Nh5 15.
b4 Qc7 16. g4 Nf4 17. Nxf4 exf4 18. Bxf4 cxb4 19. axb4 Qb6+ 20. Kh1 Qxb4 21.
Rfc1 Ne5 22. Be2 O-O 23. Ra4 Qc5 24. Be3 Qc7 25. Nb5 Qb8 26. Nd4 Bd7 27. Rb4 a5
28. Rb6 Qc7 29. Nb5 Bxb5 30. cxb5 Qd7 31. h3 f5 32. f4 Nf7 33. gxf5 gxf5 34.
Rg1 Kh7 35. Qe1 Bf6 36. e5 Bd8 37. e6 Qe7 38. Qa1 Nh6 39. Rxd6 Qf6 40. Rd7+ Be7
41. Bd4 1-0

[Event "Bad Woerishofen op"]
[Site "?"]
[Date "2008.03.02"]
[Round "4"]
[White "Seifert, Dierk Dr"]
[Black "Vogel, Robert"]
[Result "1/2-1/2"]
[WhiteElo "2140"]
[BlackElo "2294"]
[PlyCount "44"]
[EventDate "2008.??.??"]
 
1. c4 e5 2. g3 Nc6 3. Bg2 g6 4. Nc3 Bg7 5. e4 d6 6. d3 Nge7 7. Nge2 Be6 8. Nd5
O-O 9. O-O f5 10. Be3 Qd7 11. Qd2 Rae8 12. Rae1 Nc8 13. f3 N6e7 14. b3 c6 15.
Nxe7+ Rxe7 16. exf5 Bxf5 17. d4 Bh3 18. dxe5 Bxe5 19. Bd4 Bxg2 20. Kxg2 Rfe8
21. f4 Bxd4 22. Nxd4 Rxe1 1/2-1/2

[Event "Bad Woerishofen op"]
[Site "?"]
[Date "2008.03.02"]
[Round "4"]
[White "Rutz, Matthias"]
[Black "Boehle, Lars"]
[Result "0-1"]
[WhiteElo "2128"]
[BlackElo "2276"]
[PlyCount "68"]
[EventDate "2008.??.??"]
 
1. d4 g6 2. e4 c6 3. Nc3 d5 4. Be2 Bg7 5. Be3 dxe4 6. Nxe4 Nd7 7. Qd2 Ngf6 8.
Ng3 Nb6 9. h3 Be6 10. Nf3 Bd5 11. O-O O-O 12. Ne5 Ne4 13. Nxe4 Bxe4 14. c4 f6
15. Nf3 Bxf3 16. gxf3 Qd7 17. Kg2 Rfd8 18. Rad1 e6 19. h4 Qf7 20. Qc2 f5 21. f4
Rd7 22. Qb3 Kh8 23. d5 exd5 24. Bxb6 axb6 25. cxd5 cxd5 26. Qxb6 Rxa2 27. Ra1
Rxa1 28. Rxa1 h5 29. Bb5 Re7 30. Ra8+ Kh7 31. b3 Re4 32. Rb8 Qe7 33. Kg3 Rxf4
34. Kxf4 Qe4+ 0-1

[Event "Bad Woerishofen op"]
[Site "?"]
[Date "2008.03.02"]
[Round "4"]
[White "Klamp, Christoph"]
[Black "Schulz, Michael"]
[Result "0-1"]
[WhiteElo "2105"]
[BlackElo "2226"]
[PlyCount "78"]
[EventDate "2008.??.??"]
 
1. b3 d5 2. Bb2 e6 3. Nf3 Nf6 4. e3 Be7 5. Be2 O-O 6. O-O c5 7. c4 Nc6 8. d4 b6
9. Nc3 Bb7 10. cxd5 exd5 11. Rc1 Rc8 12. Ne5 Bd6 13. f4 cxd4 14. Nxc6 Bxc6 15.
exd4 Re8 16. Ba6 Rc7 17. Bb5 Qd7 18. Qd3 Bxb5 19. Nxb5 Rxc1 20. Bxc1 Bb4 21. a3
Bf8 22. Nc3 Ne4 23. Re1 Qf5 24. Qb5 Nd6 25. Qf1 Rxe1 26. Qxe1 Qd3 27. Qe3 Qc2
28. Nxd5 Nf5 29. Qc3 Qd1+ 30. Kf2 Nxd4 31. Ne3 Qe2+ 32. Kg3 Nxb3 33. Qxb3 Qe1+
34. Kf3 Qxc1 35. a4 Bc5 36. Nd5 Qf1+ 37. Kg3 h5 38. Kh3 Qe2 39. Nf6+ gxf6 0-1

[Event "Bad Woerishofen op"]
[Site "?"]
[Date "2008.03.02"]
[Round "4"]
[White "Wiesbeck, Florian"]
[Black "Poppeler, Alois"]
[Result "1/2-1/2"]
[WhiteElo "1992"]
[BlackElo "2172"]
[PlyCount "54"]
[EventDate "2008.??.??"]
 
1. d4 d5 2. Nf3 Nf6 3. c4 e6 4. Nc3 Bb4 5. e3 O-O 6. Bd3 c5 7. O-O dxc4 8. Bxc4
Nbd7 9. Qb3 a6 10. dxc5 Qa5 11. Bd2 Nxc5 12. Qc2 Qc7 13. Rac1 Ncd7 14. Be2 Bd6
15. Qa4 Qb8 16. Ne4 b5 17. Nxf6+ Nxf6 18. Qh4 Be7 19. Bd3 Qd6 20. Bb1 Bb7 21.
Bc3 h6 22. Rfd1 Bd5 23. Be5 Qb6 24. Nd4 Rfe8 25. Qg3 Nh5 26. Qg4 Nf6 27. Qg3
Nh5 1/2-1/2

[Event "Bad Woerishofen op"]
[Site "?"]
[Date "2008.03.02"]
[Round "4"]
[White "Einwiller, Dieter"]
[Black "Eschle, Hubert"]
[Result "1-0"]
[WhiteElo "2169"]
[BlackElo "1935"]
[PlyCount "71"]
[EventDate "2008.??.??"]
 
1. c4 Nf6 2. Nc3 g6 3. g3 Bg7 4. Bg2 O-O 5. e4 d6 6. Nge2 e5 7. O-O Nc6 8. d3
Nh5 9. f4 f5 10. Be3 Be6 11. exf5 Bxf5 12. Qd2 Qd7 13. Nd5 Rae8 14. Kh1 Nf6 15.
Rae1 Ng4 16. Bg1 exf4 17. Ndxf4 Kh8 18. b3 Rf7 19. d4 Ref8 20. d5 Nce5 21. Nd4
Bh6 22. Qc3 g5 23. Nfe6 Bxe6 24. Nxe6 Rxf1 25. Rxf1 Rxf1 26. Bxf1 Qf7 27. Kg2
Qf5 28. Be2 c5 29. dxc6 bxc6 30. Nd4 Qe4+ 31. Bf3 Nxf3 32. Qxf3 Qxf3+ 33. Kxf3
Ne5+ 34. Ke4 g4 35. Nf5 Bf8 36. Bd4 1-0

[Event "Bad Woerishofen op"]
[Site "?"]
[Date "2008.03.02"]
[Round "4"]
[White "Stuemer, Paul"]
[Black "Glas, Stefan"]
[Result "1-0"]
[WhiteElo "2160"]
[BlackElo "2010"]
[PlyCount "45"]
[EventDate "2008.??.??"]
 
1. e4 c5 2. Nf3 Nc6 3. d3 g6 4. g3 Bg7 5. Bg2 d6 6. c3 e6 7. O-O Nge7 8. Be3
O-O 9. Qd2 Rb8 10. Na3 b5 11. d4 b4 12. cxb4 cxb4 13. Nc4 d5 14. exd5 Nxd5 15.
Bh6 Qe7 16. Rfe1 Bb7 17. Bxg7 Kxg7 18. Ng5 Rfd8 19. Re4 Nf6 20. Rh4 h5 21. Re1
Qd7 22. Nxf7 Nxd4 23. Qh6+ 1-0

[Event "Bad Woerishofen op"]
[Site "?"]
[Date "2008.03.02"]
[Round "4"]
[White "Schiffer, Steve"]
[Black "Leimeister, Winfried"]
[Result "1-0"]
[WhiteElo "2159"]
[BlackElo "1961"]
[PlyCount "69"]
[EventDate "2008.??.??"]
 
1. e4 c5 2. Nf3 d6 3. d4 cxd4 4. Nxd4 Nf6 5. Nc3 g6 6. Be2 Bg7 7. O-O O-O 8. h3
Nc6 9. Be3 d5 10. exd5 Nxd5 11. Nxd5 Qxd5 12. Nxc6 bxc6 13. c3 Rb8 14. Qc1 Qa5
15. Rd1 Be6 16. Bg5 Qc7 17. Bf3 Rfd8 18. Re1 Rb7 19. Re2 Rd7 20. b3 Bd5 21.
Bxd5 cxd5 22. Bd2 e5 23. Qe1 f5 24. Rc1 Qd8 25. f3 Rb6 26. Bf4 e4 27. fxe4 fxe4
28. c4 Re6 29. c5 Bd4+ 30. Kh1 Bxc5 31. Rec2 Bf8 32. Rc8 Qf6 33. Qe3 Kf7 34.
R8c7 Qd8 35. Rxd7+ 1-0